000 00361nam a2200145 a 4500
008 961108s1962||||xx 0 und c
040 _aSNK
_bslo
_cSNK
_eAACR2
100 1 _aSaučin, Ladislav
245 1 0 _aElemír Halász-Hradil a umenie jeho doby
260 _aBratislava
_bSFVU
_c1962
300 _a260 s.
044 _axo
_cSK
041 _aslo
020 _c75
999 _c14878
_d14878